MARC details
| 000 -CABECERA |
| campo de control de longitud fija |
00888cam a2200229 a 4500 |
| 001 - NÚMERO DE CONTROL |
| campo de control |
000003244 |
| 005 - FECHA Y HORA DE LA ÚLTIMA TRANSACCIÓN |
| campo de control |
20200929150353.0 |
| 008 - DATOS DE LONGITUD FIJA--INFORMACIÓN GENERAL |
| campo de control de longitud fija |
000912s2000 dr b 001 0 spa d |
| 040 ## - FUENTE DE LA CATALOGACIÓN |
| Centro catalogador/agencia de origen |
DO-SdBNP |
| Lengua de catalogación |
spa |
| Centro/agencia transcriptor |
BNPHU |
| 082 ## - NÚMERO DE LA CLASIFICACIÓN DECIMAL DEWEY |
| Número de clasificación |
347.7293 |
| Número de documento/Ítem |
C352m |
| 100 1# - ENTRADA PRINCIPAL--NOMBRE DE PERSONA |
| Nombre de persona |
Castillo Ogando, Nelson Rudys. |
| 9 (RLIN) |
10223 |
| 245 10 - MENCIÓN DE TÍTULO |
| Título |
Manual de derecho notarial dominicano : |
| Resto del título |
doctrina, legislación, jurisprudencia, formularios / |
| Mención de responsabilidad, etc. |
Nelson Rudys Castillo Ogando ; prólogo Jottin Cury. |
| 260 ## - PUBLICACIÓN, DISTRIBUCIÓN, ETC. |
| Lugar de publicación, distribución, etc. |
Moca : |
| Nombre del editor, distribuidor, etc. |
Editora Dalis, |
| Fecha de publicación, distribución, etc. |
2000. |
| 300 ## - DESCRIPCIÓN FÍSICA |
| Extensión |
407 p. ; |
| Dimensiones |
23 cm. |
| 500 ## - NOTA GENERAL |
| Nota general |
Incluye índice |
| 504 ## - NOTA DE BIBLIOGRAFÍA, ETC. |
| Nota de bibliografía, etc. |
Incluye referencias bibliográficas y notas al pie de las páginas. |
| 650 #4 - PUNTO DE ACCESO ADICIONAL DE MATERIA--TÉRMINO DE MATERIA |
| Término de materia o nombre geográfico como elemento de entrada |
Derecho notarial |
| Subdivisión geográfica |
República Dominicana |
| 9 (RLIN) |
10224 |
| 650 #4 - PUNTO DE ACCESO ADICIONAL DE MATERIA--TÉRMINO DE MATERIA |
| Término de materia o nombre geográfico como elemento de entrada |
Notariado y registros |
| 9 (RLIN) |
10225 |
| 650 #4 - PUNTO DE ACCESO ADICIONAL DE MATERIA--TÉRMINO DE MATERIA |
| Término de materia o nombre geográfico como elemento de entrada |
Documentos públicos |
| 9 (RLIN) |
10226 |
| 700 1# - PUNTO DE ACCESO ADICIONAL--NOMBRE DE PERSONA |
| Nombre de persona |
Cury, Jottin, |
| Término indicativo de función/relación |
pról. |
| 9 (RLIN) |
10227 |
| 910 ## - DATOS DE OPCIÓN DEL USUARIO (OCLC) |
| Datos de opción del usuario |
Validado. Control de calidad BNPHU |